000 00289nam a22001337a 4500
082 _a510,SHU
100 _aSHUKLA,S.L
245 _aFUNCTIONAL ANALYSIS
250 _a11TH
260 _aMEERUT
_bPRAGATI PRAKASHAN
_c2016
300 _a252
650 _aMATHEMATICS
942 _2ddc
_cFPS
_010
999 _c10012
_d10012